000 00378nam a2200109Ia 4500
008 160909s9999 xx 000 0 und d
100 _aKillen, Karen L
245 _aRatio of Income Tax Expense to Operating Income as an Indicator of Fraud
260 _bNorthcentral University
_c2016
650 _aACCOUNTANCY
856 _uhttp://pqdtopen.proquest.com/doc/1790812284.html?FMT=ABS
999 _c304510
_d304510